| 000 | 00000nas##2200000za#4500 |
| 001 | 9.507780 |
| 003 | CaOODSP |
| 005 | 20241203113633 |
| 007 | cr ||||||||||| |
| 008 | 150406c2002||||xxc|| p o||||f| |0eng|d |
| 040 | |aCaOODSP|beng |
| 043 | |an-cn--- |
| 086 | 1 |aCW71-7E-PDF |
| 110 | 1 |aCanada. |bEnvironment Canada. |
| 245 | 10|aBanding office newsletters - memorandum to banders |h[electronic resource] |
| 246 | 1 |iVariant title : |aBanding office newsletters - memorandum to master banders |
| 260 | |aOttawa - Ontario : |bEnvironment Canada |
| 310 | |aIrregular |
| 362 | 1 |aNumber 78, summer 2002 -- |
| 775 | 08|tBulletins du Bureau de baguage - bulletin des bagueurs d'oiseaux |w(CaOODSP)9.504160 |